| 000 | 00762nam a2200253 i 4500 | ||
|---|---|---|---|
| 999 |
_c3254 _d3254 |
||
| 001 | 1305764 | ||
| 003 | GBCCL | ||
| 005 | 20241126110451.0 | ||
| 008 | 780517s1977 tnua b 000 0 eng | ||
| 010 | _a 77087364 | ||
| 020 | _a080546218X | ||
| 040 |
_aDLC _cDLC _dDLC |
||
| 050 | 0 | 0 |
_aBV652.25 _b.C45 |
| 082 | 0 | 0 |
_a254.5 _bCHA |
| 100 | 1 |
_aChaney, Charles L., _d1934- _96694 |
|
| 245 | 1 | 0 |
_aDesign for church growth / _cCharles L. Chaney, Ron S. Lewis. |
| 260 |
_aNashville : _bBroadman Press, _cc1977. |
||
| 300 |
_a216 p. : _bill. ; _c21 cm. |
||
| 504 | _aIncludes bibliographical references. | ||
| 650 | 0 |
_aChurch growth. _9291 |
|
| 700 | 1 |
_aLewis, Ron S., _ejoint author. _96695 |
|
| 906 |
_a7 _bcbc _corignew _d2 _eopcn _f19 _gy-gencatlg |
||
| 942 |
_2ddc _cBK _08 |
||